000 00497nam a22001817a 4500
003 OSt
008 240427b |||||||| |||| 00| 0 eng d
020 _a9789354534348
082 _a540 CHE
100 _aCHAKRABORTY, Jit and GUPTA, Asimesh Dutta
245 _aEngineering Chemistry - I: Concepts & Applications
250 _aReprint
260 _aNoida
_bVikas Publishing House Pvt. Ltd.
_c2022
300 _a416 p.
650 _aApp. Sc.
700 _aKAMLEKAR, Ravikanth
942 _2ddc
_cBK
999 _c12574
_d12574